000 00523nam a2200169 4500
001 106925
003 ES-MaACL
005 20230906184316.0
007 t|
008 061121s1905 po r ||||1| spa d
100 1 _aMoraes de Almeida, Carlos Augusto.
_982907
245 1 0 _aCompendio de trigonometría rectilínea... /
_cpor Carlos Augusto Moraes de Almeida.
250 _a5ª ed.
260 _aLisboa :
_bTyp. da Academia Real das Sciencias,
_c1905.
300 _a273 p. :
_bil ;
_c22 cm.
852 _aES-MaACL
_jF-4402
999 _c106925
_d106925